[Event "Campeonato de España Rapid 2017"]
[Site "Linares"]
[Date "2017.08.13"]
[Round "8"]
[White "Salgado Lopez, Ivan"]
[Black "Alonso Rosell, Alvar"]
[Result "1/2-1/2"]
[Board "5"]
[WhiteTitle "GM"]
[WhiteElo "2666"]
[WhiteCountry "ESP"]
[WhiteFideId "2257327"]
[WhiteEloChange "-1"]
[BlackTitle "GM"]
[BlackElo "2560"]
[BlackCountry "ESP"]
[BlackFideId "2270544"]
[BlackEloChange "1"]

1. e4 {[%clk 0:15:08]} e5 {[%clk 0:15:08]} 2. Nf3 {[%clk 0:15:01]} d6 {[%clk
0:15:12]} 3. d4 {[%clk 0:15:01]} exd4 {[%clk 0:15:16]} 4. Nxd4 {[%clk 0:15:02]}
Nf6 {[%clk 0:15:20]} 5. Nc3 {[%clk 0:15:05]} Be7 {[%clk 0:15:23]} 6. Bc4 {[%clk
0:15:00]} O-O {[%clk 0:15:25]} 7. O-O {[%clk 0:15:09]} c6 {[%clk 0:15:28]} 8. a4
{[%clk 0:14:39]} Nbd7 {[%clk 0:15:31]} 9. Ba2 {[%clk 0:14:32]} Nc5 {[%clk
0:15:22]} 10. Re1 {[%clk 0:14:34]} Re8 {[%clk 0:15:25]} 11. Qf3 {[%clk 0:14:09]}
Bg4 {[%clk 0:14:40]} 12. Qg3 {[%clk 0:14:11]} Bf8 {[%clk 0:12:46]} 13. Bg5 {[%clk
0:13:55]} Ne6 {[%clk 0:11:38]} 14. Nxe6 {[%clk 0:13:41]} Bxe6 {[%clk 0:11:37]}
15. e5 {[%clk 0:12:12]} dxe5 {[%clk 0:10:40]} 16. Rad1 {[%clk 0:12:07]} Qe7
{[%clk 0:09:54]} 17. Rxe5 {[%clk 0:12:11]} h6 {[%clk 0:08:02]} 18. Bxh6 {[%clk
0:10:13]} Nh5 {[%clk 0:04:52]} 19. Rxh5 {[%clk 0:09:52]} Bg4 {[%clk 0:04:55]} 20.
f3 {[%clk 0:05:05]} Bxh5 {[%clk 0:04:56]} 21. Ne4 {[%clk 0:05:06]} Qe5 {[%clk
0:03:31]} 22. Bg5 {[%clk 0:03:31]} Qxg3 {[%clk 0:03:24]} 23. Nxg3 {[%clk
0:03:35]} Bg6 {[%clk 0:03:23]} 24. Bb3 {[%clk 0:03:37]} Kh8 {[%clk 0:02:31]} 25.
h4 {[%clk 0:03:15]} f6 {[%clk 0:02:29]} 26. Bf4 {[%clk 0:03:16]} Rad8 {[%clk
0:02:32]} 27. Rxd8 {[%clk 0:03:15]} Rxd8 {[%clk 0:02:36]} 28. h5 {[%clk 0:02:46]}
Bh7 {[%clk 0:02:34]} 29. Be3 {[%clk 0:02:38]} Rd1+ {[%clk 0:02:29]} 30. Kf2
{[%clk 0:02:42]} Rb1 {[%clk 0:02:32]} 31. Bd4 {[%clk 0:02:28]} Bd6 {[%clk
0:01:24]} 32. Ne2 {[%clk 0:02:03]} Be5 {[%clk 0:01:05]} 33. Bxa7 {[%clk 0:01:28]}
Rxb2 {[%clk 0:01:05]} 34. f4 {[%clk 0:01:30]} Bd6 {[%clk 0:00:43]} 35. Bd4 {[%clk
0:01:34]} Rb1 {[%clk 0:00:46]} 36. h6 {[%clk 0:01:21]} Be7 {[%clk 0:00:21]} 37.
hxg7+ {[%clk 0:00:53]} Kxg7 {[%clk 0:00:25]} 38. Ng3 {[%clk 0:00:54]} Kf8 {[%clk
0:00:22]} 39. Nh5 {[%clk 0:00:52]} f5 {[%clk 0:00:13]} 40. Ng7 {[%clk 0:00:29]}
Bg6 {[%clk 0:00:17]} 41. Ne6+ {[%clk 0:00:22]} Ke8 {[%clk 0:00:21]} 42. a5 {[%clk
0:00:24]} Kd7 {[%clk 0:00:14]} 43. Ng7 {[%clk 0:00:20]} c5 {[%clk 0:00:00]} 44.
Be5 {[%clk 0:00:22]} Rc1 {[%clk 0:00:16]} 45. Be6+ {[%clk 0:00:24]} Kc6 {[%clk
0:00:19]} 46. Nxf5 {[%clk 0:00:26]} Rxc2+ {[%clk 0:00:22]} 47. Kf3 {[%clk
0:00:30]} Bd8 {[%clk 0:00:19]} 48. g4 {[%clk 0:00:33]} Rc1 {[%clk 0:00:15]} 49.
Ne3 {[%clk 0:00:24]} Bxa5 {[%clk 0:00:14]} 50. f5 {[%clk 0:00:28]} Be8 {[%clk
0:00:16]} 51. g5 {[%clk 0:00:27]} Rg1 {[%clk 0:00:14]} 52. Bd5+ {[%clk 0:00:15]}
Kb5 {[%clk 0:00:17]} 53. g6 {[%clk 0:00:15]} Bxg6 {[%clk 0:00:14]} 54. fxg6
{[%clk 0:00:19]} Rxg6 {[%clk 0:00:17]} 55. Bxb7 {[%clk 0:00:22]} 1/2-1/2

[Event "Campeonato de España Rapid 2017"]
[Site "Linares"]
[Date "2017.08.13"]
[Round "8"]
[White "Dvirnyy, Danyyil"]
[Black "Granda Zuniga, Julio E"]
[Result "1/2-1/2"]
[Board "6"]
[WhiteTitle "GM"]
[WhiteElo "2555"]
[WhiteCountry "ITA"]
[WhiteFideId "817570"]
[WhiteEloChange "1"]
[BlackTitle "GM"]
[BlackElo "2644"]
[BlackCountry "PER"]
[BlackFideId "3800024"]
[BlackEloChange "-1"]

1. d4 {[%clk 0:15:07]} Nf6 {[%clk 0:15:09]} 2. c4 {[%clk 0:15:11]} e6 {[%clk
0:15:13]} 3. Nf3 {[%clk 0:15:14]} b6 {[%clk 0:15:17]} 4. g3 {[%clk 0:15:18]} Bb7
{[%clk 0:15:19]} 5. Bg2 {[%clk 0:15:21]} Be7 {[%clk 0:15:23]} 6. O-O {[%clk
0:15:24]} O-O {[%clk 0:15:26]} 7. Nc3 {[%clk 0:15:27]} Ne4 {[%clk 0:15:30]} 8.
Bd2 {[%clk 0:15:31]} Qc8 {[%clk 0:15:23]} 9. d5 {[%clk 0:15:28]} Nxd2 {[%clk
0:15:17]} 10. Nxd2 {[%clk 0:14:24]} exd5 {[%clk 0:15:05]} 11. cxd5 {[%clk
0:14:15]} c5 {[%clk 0:14:49]} 12. Rc1 {[%clk 0:13:09]} d6 {[%clk 0:14:50]} 13. b4
{[%clk 0:13:06]} Na6 {[%clk 0:14:42]} 14. bxc5 {[%clk 0:13:06]} Nxc5 {[%clk
0:14:45]} 15. Nb3 {[%clk 0:12:58]} Re8 {[%clk 0:14:04]} 16. Ne4 {[%clk 0:12:45]}
Bf8 {[%clk 0:14:03]} 17. Nexc5 {[%clk 0:12:27]} dxc5 {[%clk 0:13:24]} 18. e4
{[%clk 0:11:41]} Qd7 {[%clk 0:10:41]} 19. Re1 {[%clk 0:11:34]} Rad8 {[%clk
0:10:43]} 20. Qc2 {[%clk 0:11:27]} Qa4 {[%clk 0:09:33]} 21. h4 {[%clk 0:10:42]}
g6 {[%clk 0:09:21]} 22. h5 {[%clk 0:10:44]} Bg7 {[%clk 0:09:19]} 23. hxg6 {[%clk
0:10:47]} hxg6 {[%clk 0:09:23]} 24. Red1 {[%clk 0:09:29]} Bc8 {[%clk 0:06:54]}
25. f4 {[%clk 0:08:21]} Bg4 {[%clk 0:06:35]} 26. Rd2 {[%clk 0:07:43]} g5 {[%clk
0:06:19]} 27. Qd3 {[%clk 0:07:17]} Rc8 {[%clk 0:04:54]} 28. Rdc2 {[%clk 0:07:14]}
Bh6 {[%clk 0:04:06]} 29. Rc4 {[%clk 0:06:19]} Qxa2 {[%clk 0:03:37]} 30. Bf3
{[%clk 0:06:05]} Bd7 {[%clk 0:03:08]} 31. Ra1 {[%clk 0:04:51]} Qb2 {[%clk
0:03:10]} 32. Rc2 {[%clk 0:04:53]} c4 {[%clk 0:02:54]} 33. Rxb2 {[%clk 0:04:47]}
cxd3 {[%clk 0:02:57]} 34. Rxa7 {[%clk 0:04:57]} Red8 {[%clk 0:02:35]} 35. Rxd7
{[%clk 0:01:59]} Rxd7 {[%clk 0:02:39]} 36. Bg4 {[%clk 0:02:03]} Rdd8 {[%clk
0:02:11]} 37. Bxc8 {[%clk 0:02:04]} Rxc8 {[%clk 0:02:11]} 38. Rd2 {[%clk
0:00:38]} Rc3 {[%clk 0:02:12]} 39. d6 {[%clk 0:00:32]} Kf8 {[%clk 0:01:47]} 40.
Nd4 {[%clk 0:00:29]} gxf4 {[%clk 0:01:44]} 41. d7 {[%clk 0:00:33]} Ke7 {[%clk
0:01:40]} 42. Nf5+ {[%clk 0:00:37]} Kxd7 {[%clk 0:01:44]} 43. Nxh6 {[%clk
0:00:42]} Rc1+ {[%clk 0:01:46]} 44. Kf2 {[%clk 0:00:46]} Rc2 {[%clk 0:01:50]} 45.
Ke1 {[%clk 0:00:50]} Rxd2 {[%clk 0:01:54]} 46. Kxd2 {[%clk 0:00:52]} fxg3 {[%clk
0:01:58]} 47. Nxf7 {[%clk 0:00:55]} Ke6 {[%clk 0:01:53]} 48. Ng5+ {[%clk
0:00:56]} Ke5 {[%clk 0:01:57]} 49. Ke3 {[%clk 0:00:55]} b5 {[%clk 0:01:55]} 50.
Nf3+ {[%clk 0:00:58]} Ke6 {[%clk 0:01:59]} 51. Nd4+ {[%clk 0:00:27]} Ke5 {[%clk
0:01:54]} 52. Nf3+ {[%clk 0:00:16]} Ke6 {[%clk 0:02:02]} 53. Nd4+ {[%clk
0:00:11]} Ke5 {[%clk 0:02:06]} 54. Nf3+ 1/2-1/2

[Event "Campeonato de España Rapid 2017"]
[Site "Linares"]
[Date "2017.08.13"]
[Round "8"]
[White "Fedorchuk, Sergey A."]
[Black "Bernal Moro, Luis Javier"]
[Result "1-0"]
[Board "8"]
[WhiteTitle "GM"]
[WhiteElo "2678"]
[WhiteCountry "UKR"]
[WhiteFideId "14102536"]
[WhiteEloChange "2"]
[BlackTitle "IM"]
[BlackElo "2434"]
[BlackCountry "ESP"]
[BlackFideId "2200236"]
[BlackEloChange "-2"]

1. e4 {[%clk 0:14:01]} c5 {[%clk 0:15:09]} 2. Nf3 {[%clk 0:14:04]} d6 {[%clk
0:15:12]} 3. d4 {[%clk 0:14:08]} cxd4 {[%clk 0:15:16]} 4. Nxd4 {[%clk 0:14:11]}
Nf6 {[%clk 0:15:20]} 5. Nc3 {[%clk 0:14:15]} Nc6 {[%clk 0:15:24]} 6. Bg5 {[%clk
0:13:40]} h6 {[%clk 0:15:27]} 7. Bxf6 {[%clk 0:13:42]} gxf6 {[%clk 0:15:31]} 8.
Nb3 {[%clk 0:13:10]} f5 {[%clk 0:15:33]} 9. Bd3 {[%clk 0:13:03]} fxe4 {[%clk
0:15:20]} 10. Bxe4 {[%clk 0:13:07]} Bg7 {[%clk 0:15:22]} 11. O-O {[%clk 0:12:49]}
e6 {[%clk 0:11:30]} 12. Re1 {[%clk 0:12:51]} O-O {[%clk 0:11:31]} 13. g3 {[%clk
0:10:56]} d5 {[%clk 0:10:56]} 14. Bg2 {[%clk 0:11:00]} Ne5 {[%clk 0:10:44]} 15.
Nd4 {[%clk 0:10:55]} Bd7 {[%clk 0:10:35]} 16. Rb1 {[%clk 0:10:46]} Qb6 {[%clk
0:10:19]} 17. Nce2 {[%clk 0:09:55]} Ng4 {[%clk 0:08:56]} 18. h3 {[%clk 0:09:51]}
Nf6 {[%clk 0:07:40]} 19. Nf4 {[%clk 0:09:35]} Rfe8 {[%clk 0:07:41]} 20. Nb3
{[%clk 0:08:37]} Bc6 {[%clk 0:06:54]} 21. c3 {[%clk 0:08:35]} Rad8 {[%clk
0:06:49]} 22. Nd4 {[%clk 0:08:26]} e5 {[%clk 0:06:44]} 23. Nxc6 {[%clk 0:08:29]}
bxc6 {[%clk 0:06:48]} 24. Ne2 {[%clk 0:07:37]} Ne4 {[%clk 0:06:15]} 25. Rf1
{[%clk 0:07:20]} f5 {[%clk 0:06:04]} 26. Qc2 {[%clk 0:07:25]} Rf8 {[%clk
0:05:31]} 27. Rbd1 {[%clk 0:07:12]} Nd6 {[%clk 0:03:38]} 28. Kh2 {[%clk 0:06:58]}
Kh8 {[%clk 0:03:17]} 29. b3 {[%clk 0:06:03]} f4 {[%clk 0:03:19]} 30. gxf4 {[%clk
0:05:57]} exf4 {[%clk 0:03:24]} 31. Bf3 {[%clk 0:05:51]} Nf5 {[%clk 0:03:28]} 32.
Ng1 {[%clk 0:04:43]} Qc5 {[%clk 0:03:06]} 33. Rd3 {[%clk 0:04:30]} Be5 {[%clk
0:02:11]} 34. Re1 {[%clk 0:04:10]} Rde8 {[%clk 0:02:14]} 35. Bh5 {[%clk 0:03:41]}
Re7 {[%clk 0:01:00]} 36. Nf3 {[%clk 0:03:44]} Bc7 {[%clk 0:01:01]} 37. Rdd1
{[%clk 0:03:34]} Bb6 {[%clk 0:00:45]} 38. Rxe7 {[%clk 0:03:15]} Qxe7 {[%clk
0:00:25]} 39. Re1 {[%clk 0:03:11]} Qf6 {[%clk 0:00:10]} 40. Ne5 {[%clk 0:01:38]}
Rg8 {[%clk 0:00:12]} 41. Nf7+ {[%clk 0:01:23]} Kg7 {[%clk 0:00:14]} 42. Rg1+
{[%clk 0:01:27]} Kf8 {[%clk 0:00:18]} 43. Rxg8+ {[%clk 0:01:27]} Kxg8 {[%clk
0:15:05]} 44. Qxf5 {[%clk 0:01:35]} 1-0

[Event "Campeonato de España Rapid 2017"]
[Site "Linares"]
[Date "2017.08.13"]
[Round "8"]
[White "Ladron De Guevara Pinto, Paolo"]
[Black "Martinez Duany, Lelys Stanley"]
[Result "0-1"]
[Board "9"]
[WhiteTitle "FM"]
[WhiteElo "2368"]
[WhiteCountry "ESP"]
[WhiteFideId "2290847"]
[WhiteEloChange "-4"]
[BlackTitle "GM"]
[BlackElo "2615"]
[BlackCountry "CUB"]
[BlackFideId "3504727"]
[BlackEloChange "2"]

1. e4 {[%clk 0:15:07]} c5 {[%clk 0:15:08]} 2. Nf3 {[%clk 0:15:11]} Nc6 {[%clk
0:15:11]} 3. d4 {[%clk 0:15:13]} cxd4 {[%clk 0:15:15]} 4. Nxd4 {[%clk 0:15:16]}
g6 {[%clk 0:15:19]} 5. Nc3 {[%clk 0:15:19]} Bg7 {[%clk 0:15:23]} 6. Be3 {[%clk
0:15:23]} Nf6 {[%clk 0:15:26]} 7. Bc4 {[%clk 0:15:26]} O-O {[%clk 0:15:29]} 8.
Bb3 {[%clk 0:15:30]} Re8 {[%clk 0:15:32]} 9. O-O {[%clk 0:15:25]} d6 {[%clk
0:15:35]} 10. h3 {[%clk 0:15:29]} Na5 {[%clk 0:15:30]} 11. Re1 {[%clk 0:14:57]}
a6 {[%clk 0:15:29]} 12. Qd3 {[%clk 0:13:09]} b5 {[%clk 0:14:34]} 13. Nd5 {[%clk
0:13:11]} Nxb3 {[%clk 0:14:01]} 14. axb3 {[%clk 0:11:23]} Bb7 {[%clk 0:13:46]}
15. c4 {[%clk 0:11:27]} bxc4 {[%clk 0:11:53]} 16. bxc4 {[%clk 0:11:29]} Nd7
{[%clk 0:11:38]} 17. b4 {[%clk 0:08:38]} e6 {[%clk 0:11:56]} 18. Nc3 {[%clk
0:08:10]} Qc7 {[%clk 0:11:54]} 19. Qe2 {[%clk 0:06:46]} Rec8 {[%clk 0:11:34]} 20.
Rec1 {[%clk 0:05:46]} Qxc4 {[%clk 0:10:44]} 21. Qd2 {[%clk 0:05:50]} Qc7 {[%clk
0:10:15]} 22. Nde2 {[%clk 0:02:27]} Qb8 {[%clk 0:09:37]} 23. f4 {[%clk 0:02:21]}
Nf6 {[%clk 0:08:25]} 24. Qd3 {[%clk 0:02:09]} d5 {[%clk 0:06:22]} 25. e5 {[%clk
0:02:12]} Ne4 {[%clk 0:06:25]} 26. Nxe4 {[%clk 0:02:09]} dxe4 {[%clk 0:06:28]}
27. Qd4 {[%clk 0:01:52]} Rd8 {[%clk 0:06:17]} 28. Qb6 {[%clk 0:01:48]} Bd5 {[%clk
0:05:31]} 29. Nc3 {[%clk 0:00:32]} g5 {[%clk 0:04:23]} 30. Qxb8 {[%clk 0:00:12]}
Raxb8 {[%clk 0:04:08]} 31. Rxa6 {[%clk 0:00:13]} Rxb4 {[%clk 0:04:03]} 32. Nxd5
{[%clk 0:00:12]} exd5 {[%clk 0:04:04]} 33. Rd6 {[%clk 0:00:15]} Rbb8 {[%clk
0:03:59]} 34. Rd1 {[%clk 0:00:19]} gxf4 {[%clk 0:03:26]} 35. Bxf4 {[%clk
0:00:16]} Rxd6 {[%clk 0:03:25]} 36. exd6 {[%clk 0:00:20]} d4 {[%clk 0:03:28]} 37.
Rc1 {[%clk 0:00:16]} Rd8 {[%clk 0:03:27]} 38. d7 {[%clk 0:00:20]} Bf6 {[%clk
0:03:21]} 39. Rc8 {[%clk 0:00:23]} Kg7 {[%clk 0:03:23]} 40. Rxd8 {[%clk 0:00:27]}
Bxd8 {[%clk 0:03:23]} 41. Be5+ {[%clk 0:00:31]} Kf8 {[%clk 0:03:01]} 42. Bxd4
{[%clk 0:00:33]} Ke7 {[%clk 0:03:04]} 43. Kf2 {[%clk 0:00:37]} Kxd7 {[%clk
0:03:05]} 44. Ke3 {[%clk 0:00:41]} f5 {[%clk 0:03:09]} 45. g4 {[%clk 0:00:35]}
Bg5+ {[%clk 0:03:11]} 46. Ke2 {[%clk 0:00:30]} f4 {[%clk 0:03:15]} 47. Bf2 {[%clk
0:00:29]} f3+ {[%clk 0:03:13]} 48. Ke1 {[%clk 0:00:19]} e3 {[%clk 0:03:06]} 49.
Bg3 {[%clk 0:00:23]} Be7 {[%clk 0:03:03]} 50. Kf1 {[%clk 0:00:07]} Bc5 {[%clk
0:02:51]} 51. Be1 {[%clk 0:00:06]} e2# {[%clk 0:02:51]} 0-1

[Event "Campeonato de España Rapid 2017"]
[Site "Linares"]
[Date "2017.08.13"]
[Round "8"]
[White "Arizmendi Martinez, Julen Luis"]
[Black "Llobell Cortell, Enrique"]
[Result "1-0"]
[Board "10"]
[WhiteTitle "GM"]
[WhiteElo "2586"]
[WhiteCountry "ESP"]
[WhiteFideId "2205092"]
[WhiteEloChange "3"]
[BlackTitle "IM"]
[BlackElo "2410"]
[BlackCountry "ESP"]
[BlackFideId "2216116"]
[BlackEloChange "-3"]

1. d4 {[%clk 0:15:07]} Nf6 {[%clk 0:14:50]} 2. c4 {[%clk 0:15:05]} b6 {[%clk
0:14:46]} 3. Nc3 {[%clk 0:14:47]} d5 {[%clk 0:13:08]} 4. cxd5 {[%clk 0:14:34]}
Nxd5 {[%clk 0:13:12]} 5. e4 {[%clk 0:14:30]} Nxc3 {[%clk 0:13:15]} 6. bxc3 {[%clk
0:14:33]} Bb7 {[%clk 0:13:19]} 7. Bb5+ {[%clk 0:13:54]} c6 {[%clk 0:13:01]} 8.
Bd3 {[%clk 0:13:42]} e6 {[%clk 0:12:23]} 9. Nf3 {[%clk 0:13:21]} Be7 {[%clk
0:12:20]} 10. O-O {[%clk 0:13:16]} Nd7 {[%clk 0:12:12]} 11. Bf4 {[%clk 0:12:46]}
c5 {[%clk 0:09:57]} 12. Qe2 {[%clk 0:12:26]} O-O {[%clk 0:09:42]} 13. Rad1 {[%clk
0:11:30]} cxd4 {[%clk 0:09:43]} 14. cxd4 {[%clk 0:11:32]} Nf6 {[%clk 0:09:41]}
15. h3 {[%clk 0:09:33]} Rc8 {[%clk 0:09:31]} 16. d5 {[%clk 0:08:29]} exd5 {[%clk
0:09:13]} 17. e5 {[%clk 0:08:33]} Nd7 {[%clk 0:08:19]} 18. Nd4 {[%clk 0:05:30]}
Nc5 {[%clk 0:08:07]} 19. Qg4 {[%clk 0:05:13]} Kh8 {[%clk 0:04:45]} 20. Bb1 {[%clk
0:03:49]} Qe8 {[%clk 0:04:07]} 21. Rfe1 {[%clk 0:03:36]} Rd8 {[%clk 0:03:28]} 22.
Nf5 {[%clk 0:02:58]} Ne6 {[%clk 0:03:25]} 23. Nd6 {[%clk 0:02:18]} Qd7 {[%clk
0:00:17]} 24. Bf5 {[%clk 0:02:02]} Bxd6 {[%clk 0:00:09]} 25. exd6 {[%clk
0:02:05]} Rde8 {[%clk 0:00:08]} 26. Be5 {[%clk 0:00:54]} Rg8 {[%clk 0:00:06]} 27.
Qh5 {[%clk 0:00:48]} 1-0

[Event "Campeonato de España Rapid 2017"]
[Site "Linares"]
[Date "2017.08.13"]
[Round "8"]
[White "Korneev, Oleg"]
[Black "Teran Alvarez, Ismael"]
[Result "1-0"]
[Board "11"]
[WhiteTitle "GM"]
[WhiteElo "2577"]
[WhiteCountry "ESP"]
[WhiteFideId "4156803"]
[WhiteEloChange "3"]
[BlackTitle "IM"]
[BlackElo "2397"]
[BlackCountry "ESP"]
[BlackFideId "2204177"]
[BlackEloChange "-5"]

1. e4 {[%clk 0:13:42]} g6 {[%clk 0:15:06]} 2. d4 {[%clk 0:13:46]} Bg7 {[%clk
0:15:10]} 3. Nc3 {[%clk 0:13:46]} c6 {[%clk 0:15:13]} 4. Nf3 {[%clk 0:13:43]} d5
{[%clk 0:15:12]} 5. h3 {[%clk 0:13:47]} Nf6 {[%clk 0:15:13]} 6. Bd3 {[%clk
0:13:48]} dxe4 {[%clk 0:15:06]} 7. Nxe4 {[%clk 0:13:51]} Nxe4 {[%clk 0:14:50]} 8.
Bxe4 {[%clk 0:13:54]} Nd7 {[%clk 0:15:09]} 9. c3 {[%clk 0:13:47]} O-O {[%clk
0:15:06]} 10. Bf4 {[%clk 0:13:10]} Qa5 {[%clk 0:12:34]} 11. O-O {[%clk 0:12:51]}
e5 {[%clk 0:12:22]} 12. b4 {[%clk 0:06:00]} Qc7 {[%clk 0:12:08]} 13. Bh2 {[%clk
0:06:02]} a5 {[%clk 0:10:04]} 14. a3 {[%clk 0:05:54]} axb4 {[%clk 0:09:33]} 15.
axb4 {[%clk 0:05:51]} Rxa1 {[%clk 0:09:28]} 16. Qxa1 {[%clk 0:05:55]} Re8 {[%clk
0:07:19]} 17. Re1 {[%clk 0:05:40]} Qd8 {[%clk 0:04:12]} 18. dxe5 {[%clk 0:05:42]}
Bxe5 {[%clk 0:03:58]} 19. Nxe5 {[%clk 0:05:07]} Nxe5 {[%clk 0:04:01]} 20. Bg3
{[%clk 0:03:41]} Qd2 {[%clk 0:02:28]} 21. Rd1 {[%clk 0:03:00]} Qe2 {[%clk
0:02:30]} 22. Bxe5 {[%clk 0:02:35]} Qxe4 {[%clk 0:02:23]} 23. Re1 {[%clk
0:01:18]} Qf5 {[%clk 0:02:03]} 24. Bd4 {[%clk 0:01:06]} Rxe1+ {[%clk 0:01:51]}
25. Qxe1 {[%clk 0:01:10]} Qe6 {[%clk 0:01:53]} 26. Qd2 {[%clk 0:01:08]} Qd5
{[%clk 0:00:46]} 27. Qh6 {[%clk 0:00:37]} f6 {[%clk 0:00:49]} 28. Qf4 {[%clk
0:00:39]} Qf5 {[%clk 0:00:46]} 29. Qd6 {[%clk 0:00:31]} Qe6 {[%clk 0:00:40]} 30.
Qd8+ {[%clk 0:00:33]} Kg7 {[%clk 0:00:39]} 31. g4 {[%clk 0:00:16]} h6 {[%clk
0:00:33]} 32. Bxf6+ {[%clk 0:00:14]} Qxf6 {[%clk 0:00:26]} 33. Qc7+ {[%clk
0:00:13]} Qf7 {[%clk 0:00:19]} 34. Qxc8 {[%clk 0:00:17]} Kh7 {[%clk 0:00:23]} 35.
Qd8 {[%clk 0:00:13]} g5 {[%clk 0:00:21]} 36. Qd3+ {[%clk 0:00:15]} Kg8 {[%clk
0:00:25]} 37. Kg2 {[%clk 0:00:15]} Qe6 {[%clk 0:00:26]} 38. Qd4 {[%clk 0:00:11]}
b5 {[%clk 0:00:20]} 39. Kg3 {[%clk 0:00:11]} Kf7 {[%clk 0:00:19]} 40. h4 {[%clk
0:00:10]} gxh4+ {[%clk 0:00:17]} 41. Kxh4 {[%clk 0:00:13]} Qe7+ {[%clk 0:00:19]}
42. Kg3 {[%clk 0:00:15]} Qe6 {[%clk 0:00:24]} 43. Kf3 {[%clk 0:00:15]} Qg6 {[%clk
0:00:14]} 44. Qf4+ {[%clk 0:00:15]} Kg8 {[%clk 0:00:18]} 45. Qe4 {[%clk 0:00:07]}
Qf6+ {[%clk 0:00:17]} 46. Kg2 {[%clk 0:00:11]} Qxc3 {[%clk 0:00:19]} 47. Qg6+
{[%clk 0:00:15]} Qg7 {[%clk 0:00:21]} 48. Qxg7+ {[%clk 0:00:09]} Kxg7 {[%clk
0:00:24]} 49. Kf1 {[%clk 0:00:10]} Kg6 {[%clk 0:00:22]} 50. f4 {[%clk 0:00:13]}
h5 {[%clk 0:00:22]} 51. gxh5+ {[%clk 0:00:14]} Kxh5 {[%clk 0:00:19]} 52. Ke2
{[%clk 0:00:16]} Kg4 {[%clk 0:00:19]} 53. Ke3 {[%clk 0:00:20]} Kf5 {[%clk
0:00:23]} 54. Kd4 {[%clk 0:00:10]} 1-0

[Event "Campeonato de España Rapid 2017"]
[Site "Linares"]
[Date "2017.08.13"]
[Round "8"]
[White "Perez Manas, Benjamin"]
[Black "Del Rio De Angelis, Salvador G."]
[Result "0-1"]
[Board "12"]
[WhiteTitle "FM"]
[WhiteElo "2331"]
[WhiteCountry "ESP"]
[WhiteFideId "22200169"]
[WhiteEloChange "-5"]
[BlackTitle "GM"]
[BlackElo "2542"]
[BlackCountry "ESP"]
[BlackFideId "2203138"]
[BlackEloChange "2"]

1. e4 {[%clk 0:15:07]} e6 {[%clk 0:15:09]} 2. d4 {[%clk 0:15:11]} c5 {[%clk
0:15:13]} 3. Nf3 {[%clk 0:15:13]} cxd4 {[%clk 0:15:17]} 4. Nxd4 {[%clk 0:15:17]}
Bc5 {[%clk 0:15:21]} 5. Nb3 {[%clk 0:15:17]} Bb6 {[%clk 0:15:25]} 6. Nc3 {[%clk
0:15:19]} Ne7 {[%clk 0:15:29]} 7. Qe2 {[%clk 0:15:04]} d5 {[%clk 0:15:00]} 8.
exd5 {[%clk 0:14:30]} Nxd5 {[%clk 0:15:04]} 9. Nxd5 {[%clk 0:14:30]} Qxd5 {[%clk
0:15:07]} 10. c4 {[%clk 0:12:39]} Qf5 {[%clk 0:13:47]} 11. Be3 {[%clk 0:11:59]}
O-O {[%clk 0:13:38]} 12. Bxb6 {[%clk 0:08:34]} axb6 {[%clk 0:13:41]} 13. Qe3
{[%clk 0:07:48]} Qf6 {[%clk 0:12:56]} 14. Bd3 {[%clk 0:07:11]} Qxb2 {[%clk
0:12:54]} 15. O-O {[%clk 0:07:13]} Rxa2 {[%clk 0:12:43]} 16. Rxa2 {[%clk
0:06:00]} Qxa2 {[%clk 0:12:46]} 17. Qxb6 {[%clk 0:05:41]} Nd7 {[%clk 0:12:17]}
18. Qb4 {[%clk 0:05:44]} Nf6 {[%clk 0:11:56]} 19. Nc5 {[%clk 0:05:30]} Qa7 {[%clk
0:11:17]} 20. Rb1 {[%clk 0:05:27]} Rd8 {[%clk 0:10:44]} 21. Bf1 {[%clk 0:05:29]}
h5 {[%clk 0:04:28]} 22. g3 {[%clk 0:05:16]} h4 {[%clk 0:04:20]} 23. Bg2 {[%clk
0:04:59]} hxg3 {[%clk 0:03:55]} 24. hxg3 {[%clk 0:05:03]} Ng4 {[%clk 0:03:49]}
25. Bf3 {[%clk 0:04:23]} Ne5 {[%clk 0:03:26]} 26. Bxb7 {[%clk 0:03:47]} Bxb7
{[%clk 0:03:25]} 27. Nxb7 {[%clk 0:03:50]} Rd4 {[%clk 0:01:45]} 28. Qb5 {[%clk
0:02:57]} Rd2 {[%clk 0:01:21]} 29. c5 {[%clk 0:02:54]} Qa2 {[%clk 0:01:24]} 30.
Rf1 {[%clk 0:02:47]} Qd5 {[%clk 0:01:19]} 31. Kh2 {[%clk 0:01:17]} Nf3+ {[%clk
0:00:56]} 32. Kh3 {[%clk 0:01:15]} Rd3 {[%clk 0:00:43]} 33. Rh1 {[%clk 0:00:41]}
Ng5+ {[%clk 0:00:22]} 34. Kh2 {[%clk 0:00:45]} Qf3 {[%clk 0:00:14]} 35. Rf1
{[%clk 0:00:17]} Qh5+ {[%clk 0:00:15]} 36. Kg1 {[%clk 0:00:19]} Nf3+ {[%clk
0:00:19]} 0-1

[Event "Campeonato de España Rapid 2017"]
[Site "Linares"]
[Date "2017.08.13"]
[Round "8"]
[White "Narciso Dublan, Marc"]
[Black "Blanco Acevedo, Cristobal Jose"]
[Result "1-0"]
[Board "14"]
[WhiteTitle "GM"]
[WhiteElo "2516"]
[WhiteCountry "ESP"]
[WhiteFideId "2201500"]
[WhiteEloChange "2"]
[BlackTitle "IM"]
[BlackElo "2297"]
[BlackCountry "VEN"]
[BlackFideId "3900525"]
[BlackEloChange "-4"]

1. e4 {[%clk 0:15:05]} c5 {[%clk 0:15:05]} 2. Nc3 {[%clk 0:15:05]} Nc6 {[%clk
0:15:05]} 3. g3 {[%clk 0:15:05]} g6 {[%clk 0:15:05]} 4. Bg2 {[%clk 0:15:05]} Bg7
{[%clk 0:15:05]} 5. d3 {[%clk 0:15:05]} d6 {[%clk 0:15:05]} 6. Be3 {[%clk
0:15:05]} Rb8 {[%clk 0:15:05]} 7. Qd2 {[%clk 0:15:05]} e6 {[%clk 0:14:26]} 8. Nf3
{[%clk 0:15:05]} Nd4 {[%clk 0:14:26]} 9. Bxd4 {[%clk 0:15:05]} cxd4 {[%clk
0:14:26]} 10. Nb5 {[%clk 0:15:05]} e5 {[%clk 0:14:23]} 11. Qb4 {[%clk 0:15:00]}
Bf8 {[%clk 0:14:23]} 12. Nxa7 {[%clk 0:14:15]} Bd7 {[%clk 0:14:23]} 13. Nb5
{[%clk 0:13:49]} Qb6 {[%clk 0:14:23]} 14. a4 {[%clk 0:13:45]} Ra8 {[%clk
0:14:23]} 15. O-O {[%clk 0:13:39]} Nf6 {[%clk 0:13:38]} 16. c3 {[%clk 0:12:11]}
dxc3 {[%clk 0:13:33]} 17. bxc3 {[%clk 0:12:07]} Be7 {[%clk 0:13:28]} 18. c4
{[%clk 0:11:32]} O-O {[%clk 0:13:13]} 19. Nxe5 {[%clk 0:11:17]} Be6 {[%clk
0:13:08]} 20. Nf3 {[%clk 0:11:02]} Rfe8 {[%clk 0:12:43]} 21. Qd2 {[%clk 0:09:27]}
Bc8 {[%clk 0:10:27]} 22. Rfb1 {[%clk 0:09:22]} Nd7 {[%clk 0:10:12]} 23. Nc3
{[%clk 0:09:17]} Qd8 {[%clk 0:10:06]} 24. Nd5 {[%clk 0:09:17]} Bf8 {[%clk
0:10:06]} 25. Qf4 {[%clk 0:08:03]} Bg7 {[%clk 0:10:01]} 26. d4 {[%clk 0:08:03]}
Ra6 {[%clk 0:09:56]} 27. Nb4 {[%clk 0:05:27]} Ra5 {[%clk 0:09:56]} 28. Qxd6
{[%clk 0:04:12]} Rxe4 {[%clk 0:09:56]} 29. Nd5 {[%clk 0:04:12]} Ra6 {[%clk
0:08:50]} 30. Qb4 {[%clk 0:02:37]} Nb8 {[%clk 0:04:32]} 31. Ne5 {[%clk 0:02:22]}
Rxd4 {[%clk 0:04:27]} 32. Ne7+ {[%clk 0:02:22]} Kh8 {[%clk 0:04:27]} 33. Nxf7#
{[%clk 0:02:16]} 1-0